Dokumenty k československé zahraniční politice

Gespeichert in:
Bibliographische Detailangaben
Format: Schriftenreihe
Sprache:Tschechisch
Veröffentlicht: Praha Federální ministerstvo zahr. věcí 1973
Tags: Tag hinzufügen
Keine Tags, Fügen Sie das erste Tag hinzu!

MARC

LEADER 00000nas2a22000001 4500
001 0010653
005 20250730114256.6
041 0 |a cze 
044 |a CZ 
245 1 0 |a Dokumenty k československé zahraniční politice 
264 1 |a Praha  |b Federální ministerstvo zahr. věcí  |c 1973 
300 |a 1 zv. 
500 |a Chýbajú č. 3-12 
773 0 |w eu_un_cat*s120635